Luces de variedades. Federico Fellini (Record no. 36210)
[ view plain ]
| 000 -CABECERA | |
|---|---|
| campo de control de longitud fija | 01056nam a22001697a 4500 |
| 003 - IDENTIFICADOR DEL NÚMERO DE CONTROL | |
| campo de control | BSD_FADE |
| 005 - FECHA Y HORA DE LA ÚLTIMA TRANSACCIÓN | |
| campo de control | 20230808081244.0 |
| 008 - DATOS DE LONGITUD FIJA--INFORMACIÓN GENERAL | |
| campo de control de longitud fija | 230808b ||||| |||| 00| 0 spa d |
| 040 ## - FUENTE DE LA CATALOGACIÓN | |
| Centro/agencia transcriptor | Museo de la Comunicacion Regional |
| 100 ## - ENTRADA PRINCIPAL--NOMBRE DE PERSONA | |
| Código de función/relación | Luces de variedades. Federico Fellini |
| 245 ## - MENCIÓN DE TÍTULO | |
| Título | Luces de variedades. Federico Fellini |
| 260 ## - PUBLICACIÓN, DISTRIBUCIÓN, ETC. (PIE DE IMPRENTA) | |
| Lugar de publicación, distribución, etc. | Italia |
| Nombre del editor, distribuidor, etc. | Productora: Capitolium Film, Distribución:Fincine |
| Fecha de publicación, distribución, etc. | 1950 |
| 300 ## - DESCRIPCIÓN FÍSICA | |
| Extensión | CD |
| 306 ## - TIEMPO DE REPRODUCCIÓN/DURACIÓN | |
| Tiempo de reproducción/duración | 100 minutos |
| 500 ## - NOTA GENERAL | |
| Nota general | Luces de variedades (Luci del varietà) es una película italiana de 1950 dirigida por Federico Fellini y Alberto Lattuada.<br/>La película significó el inicio de la carrera como director de Federico Fellini, si bien fue una colaboración (en la producción, dirección y guion) con Alberto Lattuada. Hasta ese momento, Fellini había trabajado principalmente como guionista (notable su participación en Roma, città aperta, de Roberto Rossellini), mientras que Lattuada era ya un reconocido y respetado director de películas neorrealistas y de adaptaciones literarias. |
| 942 ## - ELEMENTOS DE PUNTO DE ACCESO ADICIONAL (KOHA) | |
| Fuente del sistema de clasificación o colocación | Dewey Decimal Classification |
| Tipo de ítem Koha | JRR |
No items available.